[Event "Ct. Lleida indiv. Absolut"]
[Site "Tornabous"]
[Date "2014.10.19"]
[Round "3"]
[White "Solani Nuñez, J."]
[Black "Aribau Rivas, MA."]
[Result "0-1"]
[WhiteElo "1919"]
[BlackElo "2150"]
[PlyCount "98"]
[EventDate "2014.??.??"]
[EventType "swiss"]
[EventRounds "9"]
[EventCountry "ESP"]

1. e4 c5 2. f4 d6 3. b3 Nf6 4. d3 g6 5. Bb2 Bg7 6. Nf3 O-O 7. Be2 Nc6 8. Nbd2
Bd7 9. O-O Re8 10. Qc1 Rc8 11. a4 Qc7 12. Nc4 d5 13. exd5 Nxd5 14. Nfe5 Nd4 15.
Qd2 Be6 16. g3 Rcd8 17. Rad1 b6 18. Bg4 Nf5 19. Bf3 Qc8 20. Bg2 Nd4 21. Rf2 Bf6
22. Nf3 Nxf3+ 23. Bxf3 Bxb2 24. Nxb2 Nb4 25. Nc4 Bxc4 26. bxc4 Qd7 27. Ra1 a5
28. Re2 Qd4+ 29. Qe3 Qxa1+ 30. Kg2 Qd4 31. Qxd4 cxd4 32. Re5 Nxc2 33. Bc6 Rf8
34. Rxe7 Nb4 35. Be4 Rfe8 36. Rb7 Rd6 37. Kf3 f5 38. Bd5+ Nxd5 39. cxd5 Re3+
40. Kf2 Rxd3 41. Ke2 Rb3 42. h3 Rxd5 43. g4 d3+ 44. Kd1 d2 45. g5 Rb1+ 46. Ke2
d1=Q+ 47. Kf2 Qe1+ 48. Kg2 Rd2+ 49. Kf3 Rb3# 0-1

[Event "Ct. Lleida indiv. Absolut"]
[Site "Tornabous"]
[Date "2014.10.19"]
[Round "3"]
[White "Subarroca Blanch, F."]
[Black "Monell Camarasa, D."]
[Result "0-1"]
[WhiteElo "1951"]
[BlackElo "2340"]
[PlyCount "44"]
[EventDate "2014.??.??"]
[EventType "swiss"]
[EventRounds "9"]
[EventCountry "ESP"]

1. e4 d5 2. exd5 Qxd5 3. Nc3 Qd8 4. d4 c6 5. Nf3 Nf6 6. Bc4 Nbd7 7. O-O Nb6 8.
Bb3 Bf5 9. Re1 e6 10. h3 a5 11. a3 a4 12. Ba2 Be7 13. g4 Bg6 14. Ne5 Nfd7 15.
Nf3 Qc7 16. Ne2 Bd6 17. c4 c5 18. Nc3 cxd4 19. Qxd4 Bc5 20. Qxg7 Qg3+ 21. Kh1
Qxf3+ 22. Kh2 Qxf2+ 0-1

[Event "Ct. Lleida indiv. Absolut"]
[Site "Tornabous"]
[Date "2014.10.19"]
[Round "3"]
[White "Trepat Herranz, J."]
[Black "Dolader Roig, JM."]
[Result "1-0"]
[WhiteElo "2419"]
[BlackElo "1928"]
[PlyCount "53"]
[EventDate "2014.??.??"]
[EventType "swiss"]
[EventRounds "9"]
[EventCountry "ESP"]

1. d4 d5 2. c4 c6 3. Nf3 Nf6 4. e3 e6 5. b3 Be7 6. Bd3 O-O 7. O-O Nbd7 8. Nc3
Re8 9. Qc2 Nf8 10. Bb2 Ng6 11. Ne5 Qc7 12. f4 a6 13. Qe2 c5 14. Rac1 cxd4 15.
exd4 Qd8 16. c5 Bd7 17. b4 b5 18. a4 Qb8 19. axb5 axb5 20. Nxd7 Nxd7 21. Bxb5
Qc7 22. f5 Ngf8 23. fxe6 fxe6 24. Bd3 Bf6 25. Nb5 Qb8 26. c6 Nb6 27. c7 1-0

[Event "Ct. Lleida indiv. Absolut"]
[Site "Tornabous"]
[Date "2014.10.26"]
[Round "4"]
[White "Alba Tarradelles, J."]
[Black "Solani Nuñez, J."]
[Result "0-1"]
[WhiteElo "2019"]
[BlackElo "2183"]
[PlyCount "62"]
[EventDate "2014.??.??"]
[EventType "swiss"]
[EventRounds "9"]
[EventCountry "ESP"]

1. d4 Nf6 2. c4 e6 3. Nc3 Bb4 4. e3 O-O 5. Bd3 c5 6. a3 Bxc3+ 7. bxc3 b6 8. Ne2
d6 9. Ng3 Bb7 10. O-O Nbd7 11. e4 Qc7 12. f4 cxd4 13. cxd4 e5 14. fxe5 dxe5 15.
d5 Ba6 16. Bg5 Bxc4 17. Rc1 b5 18. Rc3 Qb6+ 19. Kh1 Rac8 20. Nf5 Kh8 21. Qf3
Bxd3 22. Rxd3 Rc4 23. Qh3 Rxe4 24. d6 Ng4 25. Rdf3 Nf2+ 26. R3xf2 Qxf2 27. g4
Re1 28. Ne3 Rxf1+ 29. Nxf1 Nf6 30. Be3 Nxg4 31. Bg5 Qf5 0-1

[Event "Ct. Lleida indiv. Absolut"]
[Site "Tornabous"]
[Date "2014.10.26"]
[Round "4"]
[White "Aribau Rivas, MA."]
[Black "Biosca Lacasa, J."]
[Result "0-1"]
[WhiteElo "2150"]
[BlackElo "2048"]
[PlyCount "86"]
[EventDate "2014.??.??"]
[EventType "swiss"]
[EventRounds "9"]
[EventCountry "ESP"]

1. c4 c6 2. Nf3 Nf6 3. b3 d5 4. Bb2 Bf5 5. g3 e6 6. Bg2 Nbd7 7. O-O a5 8. d3
Qb6 9. Nc3 a4 10. Qc2 a3 11. Bc1 d4 12. e4 Bg4 13. Ne2 Bxf3 14. Bxf3 Bb4 15.
Bg2 O-O-O 16. h3 e5 17. f4 Qc5 18. Kh1 h5 19. fxe5 Nxe5 20. Bg5 Ned7 21. Rf5
Qd6 22. c5 Bxc5 23. Rc1 Bb6 24. e5 Nxe5 25. Bf4 Rhe8 26. Ng1 g6 27. Rxe5 Rxe5
28. Nf3 Rc5 29. Bxd6 Rxc2 30. Rxc2 Rxd6 31. Ne5 Re6 32. Nc4 Bc5 33. Kg1 Bb4 34.
Kf2 Kc7 35. Bf3 b5 36. Nd2 Bxd2 37. Rxd2 Kb6 38. g4 hxg4 39. hxg4 c5 40. Kg3
Nd7 41. Bd5 Re3+ 42. Kf2 f6 43. Be4 Ne5 0-1

[Event "Ct. Lleida indiv. Absolut"]
[Site "Tornabous"]
[Date "2014.10.26"]
[Round "4"]
[White "Arno Bendicho, A."]
[Black "Rodriguez Moles, J."]
[Result "1-0"]
[WhiteElo "2123"]
[BlackElo "2029"]
[PlyCount "91"]
[EventDate "2014.??.??"]
[EventType "swiss"]
[EventRounds "9"]
[EventCountry "ESP"]

1. d4 Nf6 2. Nf3 d5 3. c4 Bf5 4. Nc3 e6 5. Bf4 a6 6. Qb3 Nc6 7. e3 Nb4 8. Rc1
Bd3 9. c5 Bxf1 10. Kxf1 Nd3 11. Rd1 Nxf4 12. exf4 Rb8 13. Ne5 Nd7 14. Nf3 Be7
15. g3 O-O 16. Kg2 b5 17. Rhe1 c6 18. Ne2 a5 19. Qd3 Qc7 20. Neg1 Rfe8 21. Re2
Nf6 22. Ne5 Nh5 23. Nh3 f6 24. Nf3 Bf8 25. Rde1 Qf7 26. g4 e5 27. fxe5 fxe5 28.
Rxe5 Rxe5 29. Nxe5 Nf4+ 30. Nxf4 Qxf4 31. Qe3 Qxe3 32. Rxe3 Rc8 33. Nd7 Rc7 34.
Nxf8 Kxf8 35. f4 Kf7 36. f5 g6 37. Kg3 gxf5 38. gxf5 Kf6 39. Kf4 a4 40. Re6+
Kf7 41. Ke5 Kg7 42. h4 h5 43. Rg6+ Kh7 44. Re6 Kg7 45. Kd6 Rf7 46. Re7 1-0

[Event "Ct. Lleida indiv. Absolut"]
[Site "Tornabous"]
[Date "2014.10.26"]
[Round "4"]
[White "Balcells Soriguera, M."]
[Black "Rodon Balcells, J."]
[Result "1-0"]
[WhiteElo "2067"]
[BlackElo "1937"]
[PlyCount "75"]
[EventDate "2014.??.??"]
[EventType "swiss"]
[EventRounds "9"]
[EventCountry "ESP"]

1. e4 d5 2. exd5 Qxd5 3. Nc3 Qd8 4. Bc4 Nf6 5. Nf3 e6 6. O-O Be7 7. Re1 c6 8.
Qe2 h6 9. d4 b5 10. Bb3 a5 11. a4 b4 12. Ne4 Nd5 13. Ne5 g6 14. c3 bxc3 15.
bxc3 Qb6 16. Rb1 f5 17. Bxd5 Qxb1 18. Bb2 Qxe1+ 19. Qxe1 cxd5 20. Nxg6 Rg8 21.
Nxe7 Kxe7 22. Ba3+ Kf7 23. Nd6+ Kg7 24. Qe5+ Kh7 25. Nxc8 Rxc8 26. Qxe6 Nc6 27.
Qxf5+ Kg7 28. Qxd5 Rab8 29. g3 Rb7 30. Qe6 Rbb8 31. c4 Nd8 32. Qe5+ Kh7 33.
Qxa5 Rb1+ 34. Kg2 Rbb8 35. Bd6 Ra8 36. Qf5+ Kh8 37. Qg6 Nc6 38. d5 1-0

[Event "Ct. Lleida indiv. Absolut"]
[Site "Tornabous"]
[Date "2014.10.26"]
[Round "4"]
[White "Barbero Sendic, A."]
[Black "Herreros Angrill, J."]
[Result "1-0"]
[WhiteElo "2415"]
[BlackElo "1926"]
[PlyCount "103"]
[EventDate "2014.??.??"]
[EventType "swiss"]
[EventRounds "9"]
[EventCountry "ESP"]

1. e4 e5 2. Nf3 d6 3. d4 exd4 4. Nxd4 Nf6 5. Nc3 g6 6. g3 Bg7 7. Bg2 O-O 8. O-O
Nbd7 9. Re1 Re8 10. b3 Ne5 11. Bb2 Bg4 12. f3 Bd7 13. f4 Bg4 14. Qd2 c5 15.
fxe5 cxd4 16. exf6 dxc3 17. Qxc3 Bh8 18. e5 Rc8 19. Qd4 Bf5 20. exd6 Rxc2 21.
Re7 Re2 22. Qc4 R8xe7 23. fxe7 Qb6+ 24. Kh1 Qf2 25. e8=Q+ Rxe8 26. Bxh8 Re2 27.
Rg1 Kxh8 28. Qc3+ Kg8 29. Qf3 Qxf3 30. Bxf3 Rd2 31. Bxb7 Rxd6 32. Re1 Re6 33.
Rd1 Be4+ 34. Bxe4 Rxe4 35. Kg1 Kf8 36. Rd8+ Re8 37. Rd5 Re1+ 38. Kf2 Rh1 39.
Kg2 Rc1 40. Ra5 Rc7 41. Kf3 Ke7 42. Ra6 f6 43. b4 h5 44. a3 Rc3+ 45. Ke4 Rc7
46. b5 Kf7 47. a4 g5 48. Kd5 Re7 49. a5 h4 50. Rd6 hxg3 51. hxg3 g4 52. Kc6 1-0

[Event "Ct. Lleida indiv. Absolut"]
[Site "Tornabous"]
[Date "2014.10.26"]
[Round "4"]
[White "Cortiella Valles, R."]
[Black "Campos Olaya, I."]
[Result "0-1"]
[WhiteElo "2079"]
[BlackElo "2333"]
[PlyCount "72"]
[EventDate "2014.??.??"]
[EventType "swiss"]
[EventRounds "9"]
[EventCountry "ESP"]

1. e4 Nf6 2. Nc3 d5 3. exd5 c6 4. Nf3 cxd5 5. Bb5+ Bd7 6. Qe2 Nc6 7. Ne5 Nxe5
8. Qxe5 e6 9. O-O Rc8 10. Bxd7+ Qxd7 11. d4 Bd6 12. Qe2 O-O 13. Bg5 Be7 14. Nd1
b5 15. c3 b4 16. cxb4 Rc4 17. a3 Rxd4 18. Nc3 h6 19. Be3 Rc4 20. Rfd1 Rfc8 21.
Rd4 Ne8 22. Rad1 Nd6 23. Qg4 f5 24. Qg6 Bf6 25. R4d3 Rg4 26. Qh5 Nc4 27. h3 Rh4
28. Qe2 Nxe3 29. Rxe3 Kf7 30. Qb5 Qc6 31. Qxc6 Rxc6 32. Nb5 a6 33. g3 Rhc4 34.
b3 Rc1 35. Nd6+ Ke7 36. Nxf5+ Kd7 0-1

[Event "Ct. Lleida indiv. Absolut"]
[Site "Tornabous"]
[Date "2014.10.26"]
[Round "4"]
[White "Fabrega Ramon, S."]
[Black "Argerich Farras, J."]
[Result "1/2-1/2"]
[WhiteElo "2057"]
[BlackElo "2171"]
[PlyCount "162"]
[EventDate "2014.??.??"]
[EventType "swiss"]
[EventRounds "9"]
[EventCountry "ESP"]

1. e4 d6 2. d4 Nf6 3. Nc3 e5 4. dxe5 dxe5 5. Qxd8+ Kxd8 6. Nf3 Bd6 7. Bc4 Be6
8. Bxe6 fxe6 9. Be3 a6 10. a3 Ke7 11. O-O Nbd7 12. Rad1 h6 13. h3 g5 14. Nd2 c6
15. f3 b5 16. Nb3 a5 17. Rf2 a4 18. Nc1 Bc5 19. Bxc5+ Nxc5 20. Rfd2 Ra7 21. Nd3
Nxd3 22. Rxd3 Rd7 23. b3 Rxd3 24. Rxd3 axb3 25. cxb3 Nd7 26. Rd1 Ra8 27. a4
bxa4 28. bxa4 Nc5 29. Ra1 Kd6 30. Kf2 Kc7 31. Ke2 Rb8 32. Ra2 Rb4 33. a5 Kb7
34. Nd1 Ka6 35. Ne3 Nb3 36. Kd1 Nxa5 37. Ng4 h5 38. Nxe5 Rb1+ 39. Kc2 Rg1 40.
Kc3 Kb6 41. Nd7+ Kc7 42. Rxa5 Kxd7 43. Rxg5 Kd6 44. h4 c5 45. Kc4 Rc1+ 46. Kd3
c4+ 47. Kd4 e5+ 48. Ke3 Rd1 49. Ke2 Rd4 50. Rxh5 c3 51. Rh8 Rd2+ 52. Ke3 Rxg2
53. Rc8 c2 54. h5 Rh2 55. h6 Kd7 56. Rc4 Rxh6 57. Rxc2 Rg6 58. Rc5 Kd6 59. Ra5
Rg1 60. Ra6+ Ke7 61. Rh6 Rg2 62. Rh5 Ke6 63. Kd3 Rf2 64. Rh6+ Ke7 65. Rh3 Rf1
66. Ke2 Rg1 67. Kf2 Rg6 68. Rh4 Ke6 69. Rg4 Rh6 70. Kg3 Kf6 71. Rg8 Rh1 72.
Rf8+ Ke6 73. Rf5 Rg1+ 74. Kh4 Rg2 75. Kh5 Rh2+ 76. Kg6 Rg2+ 77. Rg5 Rf2 78. Rg3
Rf1 79. Kg7 Ke7 80. Kg8 Rf2 81. Kg7 Rf1 1/2-1/2

[Event "Ct. Lleida indiv. Absolut"]
[Site "Tornabous"]
[Date "2014.10.26"]
[Round "4"]
[White "Gutierrez Marcos, F."]
[Black "Farre Selma, D."]
[Result "0-1"]
[WhiteElo "2163"]
[BlackElo "2053"]
[PlyCount "38"]
[EventDate "2014.??.??"]
[EventType "swiss"]
[EventRounds "9"]
[EventCountry "ESP"]

1. d4 Nf6 2. Nc3 d5 3. Bg5 Nbd7 4. Qd3 e6 5. O-O-O Be7 6. f3 c5 7. Nh3 c4 8.
Qd2 b5 9. e4 b4 10. Nb1 a5 11. e5 Ng8 12. b3 c3 13. Qe3 a4 14. Bb5 axb3 15.
axb3 Ra1 16. Ba4 Qa5 17. Bxe7 Nxe7 18. Qg5 Kf8 19. Rdf1 Nb6 0-1

[Event "Ct. Lleida indiv. Absolut"]
[Site "Tornabous"]
[Date "2014.10.26"]
[Round "4"]
[White "Llavall Sans, D."]
[Black "Farre Regada, J."]
[Result "1-0"]
[WhiteElo "2257"]
[BlackElo "2053"]
[PlyCount "41"]
[EventDate "2014.??.??"]
[EventType "swiss"]
[EventRounds "9"]
[EventCountry "ESP"]

1. d4 Nf6 2. Nf3 g6 3. g3 d5 4. Bg2 Bg7 5. O-O O-O 6. Nbd2 Bf5 7. c3 Nbd7 8.
Nh4 Bg4 9. h3 g5 10. hxg4 gxh4 11. g5 Ne4 12. Nxe4 dxe4 13. gxh4 f5 14. Qb3+
Kh8 15. Qxb7 c5 16. Qd5 Rc8 17. h5 Nb6 18. Qe6 cxd4 19. h6 Bf6 20. gxf6 Rxf6
21. Qe5 1-0

[Event "Ct. Lleida indiv. Absolut"]
[Site "Tornabous"]
[Date "2014.10.26"]
[Round "4"]
[White "Monell Camarasa, D."]
[Black "Sanuy Moncasi, A."]
[Result "1-0"]
[WhiteElo "2340"]
[BlackElo "2071"]
[PlyCount "145"]
[EventDate "2014.??.??"]
[EventType "swiss"]
[EventRounds "9"]
[EventCountry "ESP"]

1. d4 Nf6 2. c4 c5 3. d5 e6 4. Nc3 exd5 5. Nxd5 Nxd5 6. Qxd5 Nc6 7. Nf3 Nb4 8.
Qd1 Be7 9. e4 O-O 10. Be2 d6 11. a3 Nc6 12. h3 Re8 13. O-O Qc7 14. Bf4 Ne5 15.
Qc2 b6 16. Rad1 Bb7 17. Bg3 Rad8 18. Nd2 Bf6 19. f3 Nc6 20. Nb3 Nd4 21. Nxd4
Bxd4+ 22. Bf2 Be5 23. Bd3 g6 24. Bh4 Rd7 25. Kh1 Bf4 26. Qc3 Be5 27. Qd2 a6 28.
a4 Bc6 29. b3 Bg7 30. Qf4 Be5 31. Qg4 Bg7 32. Rde1 Qc8 33. f4 Rc7 34. f5 Bd7
35. Qf3 Bc6 36. f6 Bf8 37. Bg3 Qb7 38. Re2 Re6 39. h4 Rc8 40. h5 Rce8 41. Rfe1
Qa8 42. hxg6 hxg6 43. Qf4 Re5 44. Qg4 Rh5+ 45. Kg1 Qc8 46. Qxc8 Rxc8 47. Rd1
Rg5 48. Re3 Re8 49. Bc2 Re6 50. e5 dxe5 51. Rd8 Rxf6 52. Rc8 Bd7 53. Rd8 Bc6
54. Rc8 Bd7 55. Rc7 Bc6 56. Rc8 Bd7 57. Rb8 Re6 58. Be4 b5 59. axb5 axb5 60.
Rd8 Rd6 61. Bh4 f6 62. Bxg5 fxg5 63. Bd5+ Kg7 64. Rxe5 bxc4 65. bxc4 Bf5 66.
Rxd6 Bxd6 67. Re8 Bf4 68. Kf2 Bc1 69. Kf3 Bb2 70. g4 Bd3 71. Re3 Bf1 72. Re1
Bd3 73. Rd1 1-0

[Event "Ct. Lleida indiv. Absolut"]
[Site "Tornabous"]
[Date "2014.10.26"]
[Round "4"]
[White "Parramon Guillaumet, J."]
[Black "Cosialls Baz, D."]
[Result "0-1"]
[WhiteElo "2103"]
[BlackElo "1964"]
[PlyCount "124"]
[EventDate "2014.??.??"]
[EventType "swiss"]
[EventRounds "9"]
[EventCountry "ESP"]

1. e4 d5 2. exd5 Qxd5 3. Nc3 Qa5 4. Nf3 Nf6 5. Bc4 Bf5 6. Bb3 e6 7. Qe2 c6 8.
O-O Bd6 9. d4 Nbd7 10. Re1 O-O-O 11. Bd2 Qc7 12. h3 h6 13. a4 g5 14. g4 Nxg4
15. hxg4 Bxg4 16. Ne4 Bh2+ 17. Kg2 Nf8 18. Ng3 Ng6 19. Qe4 Bxf3+ 20. Kxf3 Nh4+
21. Ke2 Bxg3 22. fxg3 Qxg3 23. c3 e5 24. Rg1 Qh2+ 25. Kd3 Qh3+ 26. Kc2 exd4 27.
Bxf7 d3+ 28. Kb3 Qh2 29. Rad1 Rhf8 30. Be6+ Kb8 31. Be3 Qc2+ 32. Ka3 Nf3 33.
Rgf1 Qe2 34. Bg4 Rde8 35. Qb4 Qxe3 36. Qd6+ Ka8 37. Rxd3 Qe5 38. Rfxf3 Qxd6+
39. Rxd6 Rh8 40. Rfd3 a6 41. Bh5 Re4 42. Rd8+ Rxd8 43. Rxd8+ Ka7 44. Rd6 Rh4
45. a5 Rxh5 46. Rg6 Rh4 47. Kb3 g4 48. Kc2 h5 49. b4 Rh3 50. Kd2 g3 51. c4 h4
52. Ke3 Rh2 53. Kf3 Rc2 54. Rg4 Rf2+ 55. Ke3 Rf1 56. Ke2 Rh1 57. Kf3 Kb8 58.
Rg8+ Kc7 59. Rg7+ Kd6 60. Rxb7 Rf1+ 61. Ke2 g2 62. b5 g1=Q 0-1

[Event "Ct. Lleida indiv. Absolut"]
[Site "Tornabous"]
[Date "2014.10.26"]
[Round "4"]
[White "Sole Gonzalez, E."]
[Black "Trepat Herranz, J."]
[Result "0-1"]
[WhiteElo "2025"]
[BlackElo "2419"]
[PlyCount "30"]
[EventDate "2014.??.??"]
[EventType "swiss"]
[EventRounds "9"]
[EventCountry "ESP"]

1. d4 {[%emt 0:00:00]} Nf6 {[%emt 0:00:00]} 2. c4 {[%emt 0:00:03]} e6 {[%emt 0:
00:00]} 3. Nf3 {[%emt 0:00:04]} d5 {[%emt 0:00:00]} 4. Qc2 {[%emt 0:00:00]} c6
{[%emt 0:00:00]} 5. Bg5 {[%emt 0:00:00]} h6 6. Bh4 Qa5+ 7. Nbd2 Ne4 8. e3 g5 9.
Bg3 g4 10. cxd5 exd5 11. Ne5 Nxd2 12. Ng6 Ne4+ 13. Kd1 fxg6 14. f3 gxf3 15.
gxf3 Qd2+ 0-1

[Event "Ct. Lleida indiv. Absolut"]
[Site "Tornabous"]
[Date "2014.10.26"]
[Round "4"]
[White "Sole Monistrol, F."]
[Black "Monfa Sole, R."]
[Result "0-1"]
[WhiteElo "1942"]
[BlackElo "2160"]
[PlyCount "80"]
[EventDate "2014.??.??"]
[EventType "swiss"]
[EventRounds "9"]
[EventCountry "ESP"]

1. d4 b5 2. Nf3 Bb7 3. g3 e6 4. Bg2 Nf6 5. O-O Be7 6. a3 O-O 7. Nbd2 d6 8. b3
Nbd7 9. Bb2 c5 10. c3 a5 11. Qc2 Rc8 12. e4 Qb6 13. c4 d5 14. e5 Ne4 15. Qd3
bxc4 16. bxc4 Ba6 17. Qc2 Nxd2 18. Nxd2 cxd4 19. Nf3 d3 20. Qd2 dxc4 21. Bc3 a4
22. Rfb1 Qa7 23. Bb4 Nc5 24. Bxc5 Bxc5 25. Rc1 Rb8 26. Ra2 Rb3 27. Bf1 Rfb8 28.
Ng5 Bxa3 29. Rd1 c3 30. Qf4 c2 31. Rda1 Rb1 32. Rxa3 c1=Q 33. Qxc1 Rxc1 34.
Rxc1 d2 35. Rd1 Bxf1 36. Rxf1 Qe7 37. Rxa4 Qxg5 38. f4 Qd8 39. Raa1 Qd4+ 40.
Kg2 h5 0-1

[Event "Ct. Lleida indiv. Absolut"]
[Site "Tornabous"]
[Date "2014.10.26"]
[Round "4"]
[White "Verdes Nadal, R."]
[Black "Ramon Solans, A."]
[Result "0-1"]
[WhiteElo "2172"]
[BlackElo "2400"]
[PlyCount "50"]
[EventDate "2014.??.??"]
[EventType "swiss"]
[EventRounds "9"]
[EventCountry "ESP"]

1. a3 d5 2. d3 e5 3. Nf3 Nc6 4. e4 Nf6 5. exd5 Nxd5 6. Bd2 Bc5 7. Nc3 O-O 8.
Nxd5 Qxd5 9. Be2 f5 10. b4 Be7 11. O-O e4 12. Ne1 Bf6 13. Rb1 Be6 14. Bf4 Be5
15. c4 Qd6 16. c5 Qd5 17. Bxe5 Qxe5 18. dxe4 fxe4 19. Nc2 Qg5 20. Kh1 Rad8 21.
Qe1 Ne5 22. f4 exf3 23. Bxf3 Bc4 24. h4 Qe7 25. Rg1 Rf4 0-1

[Event "Ct. Lleida indiv. Absolut"]
[Site "Tornabous"]
[Date "2014.10.26"]
[Round "4"]
[White "Vladimirov Savov, T."]
[Black "Palau Cabases, A."]
[Result "0-1"]
[WhiteElo "1900"]
[BlackElo "2157"]
[PlyCount "62"]
[EventDate "2014.??.??"]
[EventType "swiss"]
[EventRounds "9"]
[EventCountry "ESP"]

1. e4 d6 2. d4 Nf6 3. Nc3 g6 4. Bg5 Bg7 5. Qd2 h6 6. Bxf6 Bxf6 7. f4 c6 8. Nf3
Bg4 9. Be2 O-O 10. O-O-O b5 11. h3 Bxf3 12. Bxf3 b4 13. Ne2 Qa5 14. a3 Na6 15.
e5 dxe5 16. dxe5 Bg7 17. Bxc6 Rab8 18. a4 Rfc8 19. Nd4 Nc5 20. b3 Rb6 21. Kb2
Kh7 22. Bd5 Nxa4+ 23. bxa4 Qxd5 24. Nb3 Qc6 25. a5 Rb5 26. Rhe1 Rb7 27. Re3
Rbc7 28. Rc1 Qa4 29. Re4 Qa3+ 30. Kb1 Rc3 31. Qd4 Rxb3+ 0-1

[Event "Ct. Lleida indiv. Absolut"]
[Site "Tornabous"]
[Date "2014.11.02"]
[Round "5"]
[White "Argerich Farras, J."]
[Black "Cortiella Valles, R."]
[Result "1/2-1/2"]
[WhiteElo "2171"]
[BlackElo "2079"]
[PlyCount "138"]
[EventDate "2014.??.??"]
[EventType "swiss"]
[EventRounds "9"]
[EventCountry "ESP"]

1. Nf3 Nf6 2. d4 g6 3. c4 Bg7 4. Nc3 d5 5. Bf4 O-O 6. e3 c6 7. Qb3 Qb6 8. c5
Qxb3 9. axb3 Bf5 10. b4 Nbd7 11. b5 cxb5 12. Bxb5 a6 13. Bxd7 Bxd7 14. Be5 Bc6
15. O-O Nd7 16. Bxg7 Kxg7 17. b4 Rae8 18. Rfb1 e5 19. Nxe5 Nxe5 20. dxe5 Rxe5
21. b5 axb5 22. Nxb5 Bxb5 23. Rxb5 Rc8 24. Rd1 Rc7 25. Kf1 Rd7 26. Rd4 Re4 27.
Ke2 Re6 28. Kd3 Ra6 29. Rdb4 Rc6 30. Kd4 Rcc7 31. Rb6 Re7 32. Kxd5 f6 33. Kd4
Re5 34. Rc4 Rg5 35. g3 Rh5 36. h4 Re5 37. f4 Ree7 38. Rd6 f5 39. Kd3 Rc8 40.
Kd2 Rec7 41. Kd3 b5 42. Rb4 Rxc5 43. Rb6 Rd8+ 44. Rd4 Rdd5 45. Rb7+ Kh6 46. Rd7
Rxd7 47. Rxd7 Rc1 48. Ke2 Rc2+ 49. Kf3 b4 50. Rb7 Rb2 51. g4 fxg4+ 52. Kxg4 b3
53. Kf3 Rb1 54. Ke4 b2 55. Rb5 Kg7 56. Ke5 Re1 57. Rb7+ Kh6 58. Rxb2 Rxe3+ 59.
Kf6 Rh3 60. Rf2 Rxh4 61. f5 Kh5 62. Kg7 gxf5 63. Rxf5+ Kg4 64. Ra5 h5 65. Kg6
Rh1 66. Ra4+ Kg3 67. Ra3+ Kf4 68. Ra4+ Ke3 69. Ra3+ Kd4 1/2-1/2

[Event "Ct. Lleida indiv. Absolut"]
[Site "Tornabous"]
[Date "2014.11.02"]
[Round "5"]
[White "Biosca Lacasa, J."]
[Black "Verdes Nadal, R."]
[Result "0-1"]
[WhiteElo "2048"]
[BlackElo "2172"]
[PlyCount "90"]
[EventDate "2014.??.??"]
[EventType "swiss"]
[EventRounds "9"]
[EventCountry "ESP"]

1. d4 Nf6 2. Bf4 g6 3. e3 d5 4. c3 Bg7 5. b4 c6 6. Bd3 O-O 7. Nd2 Re8 8. h3
Nfd7 9. Ngf3 e5 10. dxe5 Nxe5 11. Bxe5 Bxe5 12. Nxe5 Rxe5 13. Nf3 Re7 14. O-O
Nd7 15. c4 Nb6 16. c5 Nd7 17. Rc1 Ne5 18. Re1 Nxd3 19. Qxd3 Bf5 20. Qc3 Be4 21.
Nd4 Qd7 22. f3 Bf5 23. g4 Be6 24. Kf2 Rae8 25. Rh1 Qc7 26. f4 Bc8 27. Rce1 Re4
28. a3 Qe7 29. Nf3 Rc4 30. Qd3 Qf6 31. Nd4 Qh4+ 32. Kf3 h5 33. f5 Re4 34. Reg1
g5 35. Nb3 b6 36. cxb6 Ba6 37. bxa7 Rf4+ 38. exf4 Rxf4+ 39. Ke2 Qf2+ 40. Kd1
Bxd3 41. a8=Q+ Kh7 42. Nd2 Qe2+ 43. Kc1 Rc4+ 44. Kb2 Qxd2+ 45. Ka1 Rc2 0-1

[Event "Ct. Lleida indiv. Absolut"]
[Site "Tornabous"]
[Date "2014.11.02"]
[Round "5"]
[White "Farre Regada, J."]
[Black "Barbero Sendic, A."]
[Result "0-1"]
[WhiteElo "2053"]
[BlackElo "2415"]
[PlyCount "100"]
[EventDate "2014.??.??"]
[EventType "swiss"]
[EventRounds "9"]
[EventCountry "ESP"]

1. e4 e6 2. d4 d5 3. Nc3 Bb4 4. e5 c5 5. a3 Bxc3+ 6. bxc3 Qa5 7. Qd2 Qa4 8. Nf3
Nc6 9. Rb1 c4 10. Be2 Nge7 11. O-O h6 12. Nh4 g5 13. Nf3 b6 14. Ne1 Ng6 15. g3
Bd7 16. Ng2 O-O-O 17. Bh5 Nce7 18. Qe2 Nf5 19. Rb4 Qc6 20. Bd2 Rdf8 21. Ne3 Ng7
22. Bxg6 a5 23. Rb2 fxg6 24. Rfb1 b5 25. Ng4 Qc7 26. h3 Rf7 27. Nf6 Bc6 28. Be3
Nf5 29. Kg2 Qe7 30. a4 Rhf8 31. axb5 Bb7 32. Ra1 Rxf6 33. exf6 Qxf6 34. Kg1 e5
35. Qd2 Qe6 36. Kh2 g4 37. hxg4 Nd6 38. Qd1 Ne4 39. f3 Nxc3 40. Qf1 Ne4 41. Qg2
exd4 42. Bxd4 Ng5 43. Rf1 h5 44. f4 Ne4 45. g5 Rf5 46. c3 Qf7 47. Ra1 h4 48.
gxh4 Rxf4 49. Kg1 Qe6 50. Qh1 Nxc3 0-1

[Event "Ct. Lleida indiv. Absolut"]
[Site "Tornabous"]
[Date "2014.11.02"]
[Round "5"]
[White "Farre Selma, D."]
[Black "Monell Camarasa, D."]
[Result "0-1"]
[WhiteElo "2053"]
[BlackElo "2340"]
[PlyCount "116"]
[EventDate "2014.??.??"]
[EventType "swiss"]
[EventRounds "9"]
[EventCountry "ESP"]

1. e4 c6 2. Nf3 d5 3. exd5 cxd5 4. d4 Nf6 5. Bb5+ Nc6 6. Ne5 Qb6 7. Nc3 e6 8.
O-O Be7 9. a4 O-O 10. Bxc6 bxc6 11. a5 Qc7 12. Re1 Nd7 13. Bf4 Nxe5 14. Bxe5
Bd6 15. Bxd6 Qxd6 16. Na4 f6 17. Nc5 e5 18. b4 e4 19. c4 f5 20. cxd5 Qxd5 21.
Qb3 Qxb3 22. Nxb3 Rb8 23. Ra4 Rd8 24. Rd1 Ba6 25. Nc5 Be2 26. Rd2 Bd3 27. f3
Rxd4 28. fxe4 fxe4 29. Nxe4 Rbd8 30. Ng5 Bb5 31. Rxd4 Rxd4 32. Ra2 h6 33. Nf3
Rxb4 34. Rd2 Ra4 35. Rd8+ Kh7 36. Nd4 a6 37. Ne6 Kg6 38. Rd7 Ra1+ 39. Kf2 Rf1+
40. Kg3 Rf7 41. Nf4+ Kf6 42. Rd8 g5 43. Nd3 Ke7 44. Rd4 Bxd3 45. Rxd3 Rf4 46.
Rb3 c5 47. Rb7+ Kd6 48. Rb6+ Kd5 49. Rxa6 c4 50. Rb6 c3 51. Rb5+ Kc4 52. Rb8 c2
53. a6 Kd3 54. Rb3+ Kd2 55. Rb2 Ra4 56. h3 Kc3 57. Rxc2+ Kxc2 58. a7 Rxa7 0-1

[Event "Ct. Lleida indiv. Absolut"]
[Site "Tornabous"]
[Date "2014.11.02"]
[Round "5"]
[White "Monfa Sole, R."]
[Black "Fabrega Ramon, S."]
[Result "1-0"]
[WhiteElo "2160"]
[BlackElo "2057"]
[PlyCount "51"]
[EventDate "2014.??.??"]
[EventType "swiss"]
[EventRounds "9"]
[EventCountry "ESP"]

1. d3 e5 2. a3 d5 3. Nf3 Nc6 4. b4 a6 5. Bb2 Bd6 6. e3 Bg4 7. Be2 b5 8. Nbd2
Nf6 9. c4 dxc4 10. dxc4 bxc4 11. Nxc4 Qe7 12. Rc1 Bd7 13. O-O O-O 14. Qc2 Rfd8
15. Rfd1 h6 16. Nfd2 Na7 17. Nxd6 cxd6 18. Bxa6 Bb5 19. Bxb5 Nxb5 20. a4 Na7
21. b5 Nc8 22. Nc4 Qb7 23. Bxe5 Ne4 24. f3 Nc5 25. Nxd6 Nxd6 26. Qxc5 1-0

[Event "Ct. Lleida indiv. Absolut"]
[Site "Tornabous"]
[Date "2014.11.02"]
[Round "5"]
[White "Palau Cabases, A."]
[Black "Cosialls Baz, D."]
[Result "1-0"]
[WhiteElo "2157"]
[BlackElo "1964"]
[PlyCount "83"]
[EventDate "2014.??.??"]
[EventType "swiss"]
[EventRounds "9"]
[EventCountry "ESP"]

1. e4 d5 2. exd5 Qxd5 3. Nc3 Qa5 4. d4 c6 5. Bc4 Nf6 6. Bd2 Qc7 7. Nf3 Bf5 8.
Ne5 e6 9. g4 Be4 10. Nxe4 Nxe4 11. Qf3 Nxd2 12. Kxd2 Bd6 13. Rae1 Bxe5 14. Rxe5
Nd7 15. Re3 Qd6 16. Kc1 Nf6 17. Rhe1 O-O 18. c3 b5 19. Bb3 b4 20. h4 bxc3 21.
Rxc3 Rac8 22. g5 Nd5 23. Rc5 Qf4+ 24. Qxf4 Nxf4 25. Kd2 Rfd8 26. Re4 Nd5 27.
Bxd5 Rxd5 28. Rxd5 cxd5 29. Re3 Kf8 30. Ra3 Rc7 31. f4 f6 32. Rc3 Rb7 33. b3
Kf7 34. Rc6 fxg5 35. fxg5 h6 36. Ke3 hxg5 37. hxg5 Ke7 38. Kf4 Kd7 39. Ra6 Rc7
40. Ke5 Rb7 41. Rxe6 Rb5 42. Rd6+ 1-0